| 000 | 00509nam a2200181Ia 4500 | ||
|---|---|---|---|
| 003 | GCL | ||
| 008 | 140319s9999 xx 000 0 ara d | ||
| 040 |
_aGCL / _cGCL |
||
| 082 | 0 | 4 |
_aق _b932 _bم ا |
| 100 | 1 | _aمحمد العزب موسى | |
| 245 | 1 | 0 |
_aاول ثورة على الاقطاع / _cمحمد العزب موسى |
| 300 | _a161 ص | ||
| 490 |
_aكتاب الهلال _v0 |
||
| 650 | 0 | 4 | _aالثورات |
| 650 | 0 | 4 | _aالاقطاع |
| 650 | 0 | 4 | _aالعصر الفرعونى |
| 942 |
_2ddc _cBK |
||
| 999 |
_c47244 _d47244 |
||